| 000 | 00000nam 2200000zi 4500 |
| 001 | 9.930578 |
| 003 | CaOODSP |
| 005 | 20240718123404 |
| 006 | m o d f |
| 007 | cr |n||||||||| |
| 008 | 231121e202312 oncbd ob f000 0 eng d |
| 020 | |a9780660689203 |
| 040 | |aCaOODSP|beng|erda|cCaOODSP |
| 043 | |an-cn--- |
| 086 | 1 |aFs70-5/2023-068E-PDF |
| 100 | 1 |aTinker, M. Tim |eauthor.|q(Martin Tim),|d1966- |
| 245 | 10|aEstimating abundance of northwest Atlantic harp seal using a Bayesian modelling approach / |cM. Tim. Tinker, Garry B. Stenson, Arnaud Mosnier and Mike O. Hammill. |
| 264 | 1|aOttawa ON : |bCanadian Science Advisory Secretariat (CSAS), |cDecember 2023. |
| 264 | 4|c©2023 |
| 300 | |a1 online resource (iv, 56 pages) : |bmaps, graphs. |
| 336 | |atext|btxt|2rdacontent |
| 337 | |acomputer|bc|2rdamedia |
| 338 | |aonline resource|bcr|2rdacarrier |
| 490 | 1 |aResearch document, |x1919-5044 ; |v2023/068 |
| 500 | |aIssued also in French under title: Estimation de l'abonde des phoques du Groenland de l'Atlantique nord-ouest à l'aide d'une approche de modélisation bayésienne. |
| 504 | |aIncludes bibliographical references (pages 39-42). |
| 650 | 0|aHarp seal|zNorth Atlantic Ocean. |
| 650 | 0|aSeal populations|xEstimates|zNorth Atlantic Ocean. |
| 710 | 1 |aCanada. |bDepartment of Fisheries and Oceans, |eissuing body. |
| 710 | 2 |aCanadian Science Advisory Secretariat, |eissuing body. |
| 775 | 08|tEstimation de l'abonde des phoques du Groenland de l'Atlantique nord-ouest à l'aide d'une approche de modélisation bayésienne / |w(CaOODSP)9.930579 |
| 830 | #0|aResearch document (Canadian Science Advisory Secretariat)|v2023/068.|w(CaOODSP)9.507396 |
| 856 | 40|qPDF|s2.78 MB|uhttps://publications.gc.ca/collections/collection_2023/mpo-dfo/fs70-5/Fs70-5-2023-068-eng.pdf |